[Event "BL 1314 SC Viernheim - SF Katernberg"]
[Site "?"]
[Date "2013.12.14"]
[Round "5.7"]
[White "Thesing, Matthias"]
[Black "Tresch, Ralf"]
[Result "1-0"]
[WhiteElo "2355"]
[BlackElo "2203"]
[PlyCount "117"]
[EventDate "2013.??.??"]

1. e4 e6 2. d4 d5 3. exd5 exd5 4. Nf3 Be7 5. c4 Nf6 6. Nc3 O-O 7. Bd3 dxc4 8.
Bxc4 Bg4 9. O-O Nbd7 10. h3 Bh5 11. Bb3 c5 12. g4 Bg6 13. Ne5 cxd4 14. Nxg6
hxg6 15. Qxd4 Nc5 16. Qxd8 Rfxd8 17. Bc4 Nd3 18. Rd1 Nxc1 19. Raxc1 Rac8 20.
Bb3 Kf8 21. Kg2 Rxd1 22. Rxd1 a6 23. g5 Ne8 24. h4 Rd8 25. Nd5 Bd6 26. Rd3 Be5
27. Rf3 f6 28. Re3 Nc7 29. Rxe5 fxe5 30. Nxc7 Rd2 31. Ne6+ Ke7 32. Nc5 b6 33.
Nxa6 Rxb2 34. Nb4 Kd6 35. Nc2 b5 36. Kf3 Rb1 37. Na3 Rh1 38. Nxb5+ Kc5 39. Nc7
Rxh4 40. Ne6+ Kd6 41. Nxg7 Ke7 42. Ne6 Rh1 43. Nc5 Rg1 44. Ne4 Re1 45. Ng3 Kf8
46. Bc2 Kg7 47. Ne4 Rc1 48. Bb3 Re1 49. Nc5 Kf8 50. Kg2 e4 51. Ne6+ Kg8 52.
Nf4+ Kg7 53. Nd5 Kf8 54. Ne3 Ke7 55. Bd5 Kd6 56. Bxe4 Ke5 57. Bxg6 Kf4 58. Bc2
Kxg5 59. Bd1 1-0

[Event "BL 1314 SC Viernheim - SF Katernberg"]
[Site "?"]
[Date "2013.12.14"]
[Round "5.8"]
[White "Schmidt, Stefan"]
[Black "Hoolt, Sarah"]
[Result "1-0"]
[WhiteElo "2113"]
[BlackElo "2325"]
[PlyCount "157"]
[EventDate "2013.??.??"]

1. e4 c5 2. Nc3 e6 3. f4 Nc6 4. Nf3 a6 5. g3 d5 6. d3 dxe4 7. Nxe4 Nf6 8. Nxf6+
Qxf6 9. Bg2 Be7 10. O-O O-O 11. Qe2 Nd4 12. Nxd4 cxd4 13. Bd2 Ra7 14. Ba5 Bc5
15. b4 b6 16. bxc5 bxa5 17. c6 Re8 18. Qe5 Qd8 19. Qc5 Rae7 20. Rae1 f6 21. Re4
e5 22. fxe5 fxe5 23. Re2 Qc7 24. Qc4+ Be6 25. Qxa6 Rb8 26. Rfe1 Bxa2 27. c3 Bb3
28. cxd4 Qd6 29. Qxa5 Qxd4+ 30. Kh1 Rbe8 31. Qb5 Bf7 32. Be4 Be6 33. Bf3 Bf7
34. Kg2 g6 35. Re4 Qd6 36. Rb4 Rd8 37. Be4 Kg7 38. Rc1 Rc7 39. Rc5 Ra8 40. Rb2
Qd4 41. Qb4 Qd6 42. Qc3 Re8 43. Rbb5 Kf6 44. Ra5 Be6 45. Ra1 Bc8 46. Rb5 Kg7
47. Qc5 Qf6 48. Kg1 Bh3 49. Rb7 Ree7 50. Rxc7 Rxc7 51. Qf2 Qxf2+ 52. Kxf2 Kf6
53. Ke3 Ke6 54. d4 exd4+ 55. Kxd4 Kd6 56. Rd1 Be6 57. Ke3+ Ke5 58. Ra1 Bf7 59.
Ra5+ Kd6 60. h4 Be8 61. Kd4 Bf7 62. Ra8 Be6 63. Rd8+ Ke7 64. Rb8 Kd6 65. Rb7
Rf7 66. Rxf7 Bxf7 67. Kc3 Be8 68. Kd4 Bf7 69. c7 Kxc7 70. Ke5 Kd7 71. Kf6 Ke8
72. Kg7 Ke7 73. g4 Be6 74. g5 Bf5 75. Bd5 Kd6 76. Bg8 Ke5 77. Bxh7 Kf4 78. Bxg6
Be6 79. Kf6 1-0

[Event "BL 1314 SG Turm Trier - SK König Tegel"]
[Site "?"]
[Date "2013.12.15"]
[Round "6.1"]
[White "Stern, Rene"]
[Black "Erdos, Viktor"]
[Result "1/2-1/2"]
[WhiteElo "2515"]
[BlackElo "2658"]
[PlyCount "128"]
[EventDate "2013.??.??"]

1. d4 Nf6 2. c4 c6 3. Nc3 d5 4. cxd5 cxd5 5. Bf4 Nc6 6. e3 Bf5 7. Qb3 Na5 8.
Qa4+ Bd7 9. Qc2 e6 10. Bd3 Nh5 11. Bg3 Nc6 12. a3 g6 13. f4 g5 14. Nge2 f5 15.
Bf2 gxf4 16. exf4 Bd6 17. Be3 Rg8 18. g3 Rc8 19. Ng1 Nf6 20. Qe2 Kf8 21. Nf3
Be8 22. Ne5 Bh5 23. Qf2 Rg7 24. h3 Kg8 25. O-O Kh8 26. Kh2 Qe7 27. Rg1 Rcg8 28.
Rac1 Nd8 29. Nb5 Bb8 30. Bd2 Nf7 31. Bb4 Qd8 32. a4 a6 33. Nc3 Nd6 34. Qe3 Qe8
35. b3 Nde4 36. Bxe4 dxe4 37. Bc5 h6 38. d5 exd5 39. Bd4 Kh7 40. Rc2 Qe6 41.
Ne2 Nd7 42. Nxd7 Rxd7 43. Rgc1 Bd6 44. Bb2 Bxe2 45. Rxe2 Bf8 46. Rec2 Bg7 47.
Bd4 Qd6 48. Rc5 Qe7 49. Rd1 Bxd4 50. Qxd4 Rgd8 51. Kg2 h5 52. b4 Qg7 53. Kf2
Qxd4+ 54. Rxd4 Kg6 55. b5 Kf6 56. bxa6 bxa6 57. Rc6+ Rd6 58. Rxd5 Rxc6 59. Rxd8
Rc2+ 60. Kf1 Rc3 61. Rf8+ Ke6 62. Re8+ Kf7 63. Re5 Kf6 64. Kg2 Rc2+ 1/2-1/2

[Event "BL 1314 SG Turm Trier - SK König Tegel"]
[Site "?"]
[Date "2013.12.15"]
[Round "6.2"]
[White "Lupulescu, Constantin"]
[Black "Richter, Michael"]
[Result "1-0"]
[WhiteElo "2630"]
[BlackElo "2467"]
[PlyCount "57"]
[EventDate "2013.??.??"]

1. d4 d5 2. c4 c6 3. Nf3 e6 4. e3 Bd6 5. b3 f5 6. Bd3 Nf6 7. O-O Qe7 8. Nc3 Ne4
9. Bb2 Nd7 10. Ne2 O-O 11. Qc2 b6 12. cxd5 cxd5 13. Nf4 Bb7 14. Qe2 Rad8 15.
Rac1 g5 16. Nh5 g4 17. Ne5 Qh4 18. Nf4 Ng5 19. f3 Nxe5 20. dxe5 gxf3 21. Qf2
Qxf2+ 22. Kxf2 fxg2 23. Rg1 d4 24. exd6 e5 25. Rc7 dxe3+ 26. Ke2 Bf3+ 27. Kxe3
exf4+ 28. Kxf4 Ne6+ 29. Kxf3 1-0

[Event "BL 1314 SG Turm Trier - SK König Tegel"]
[Site "?"]
[Date "2013.12.15"]
[Round "6.3"]
[White "Muse, Mladen"]
[Black "Cyborowski, Lukasz"]
[Result "1/2-1/2"]
[WhiteElo "2417"]
[BlackElo "2526"]
[PlyCount "42"]
[EventDate "2013.??.??"]

1. Nf3 Nf6 2. c4 e6 3. Nc3 d5 4. cxd5 exd5 5. d4 c6 6. Bf4 Bf5 7. e3 Nbd7 8.
Bd3 Bxd3 9. Qxd3 Be7 10. O-O O-O 11. h3 Nb6 12. Rab1 a5 13. b3 Re8 14. Na4 Nbd7
15. Nc3 Bb4 16. Nd2 Qe7 17. Rfc1 h6 18. Rc2 Nb6 19. Na4 Nbd7 20. Nc3 Nb6 21.
Na4 Nbd7 1/2-1/2

[Event "BL 1314 SG Turm Trier - SK König Tegel"]
[Site "?"]
[Date "2013.12.15"]
[Round "6.4"]
[White "Parligras, Mircea-Emilian"]
[Black "Von Herman, Ulf"]
[Result "1-0"]
[WhiteElo "2576"]
[BlackElo "2375"]
[PlyCount "101"]
[EventDate "2013.??.??"]

1. d4 d5 2. c4 c6 3. Nf3 Nf6 4. e3 Bf5 5. Nc3 e6 6. Nh4 Be4 7. f3 Bg6 8. Qb3
Qc7 9. Bd2 Be7 10. g3 dxc4 11. Bxc4 Nd5 12. Nxg6 hxg6 13. O-O Nb6 14. Bd3 Qd8
15. a4 a5 16. Ne4 N8d7 17. Rfd1 Qb8 18. Rac1 Qa7 19. Nf2 Nd5 20. e4 Nb4 21. Bc4
Rd8 22. Be3 Qb8 23. Kg2 O-O 24. Rd2 e5 25. dxe5 Nxe5 26. Rxd8 Qxd8 27. Be2 g5
28. Rd1 Qc7 29. Nh3 g4 30. fxg4 Qc8 31. g5 Rd8 32. Bb6 Rxd1 33. Qxd1 c5 34.
Bxa5 Qc6 35. Nf2 Bxg5 36. Bxb4 cxb4 37. Qd4 Bf6 38. Qxb4 b6 39. b3 g5 40. Bc4
Kg7 41. Bd5 Qc7 42. Qd2 Be7 43. Nd1 g4 44. Nf2 f6 45. Be6 Qc6 46. Bf5 b5 47. a5
Bc5 48. Qd5 Bxf2 49. Qxc6 Nxc6 50. Kxf2 Nxa5 51. Be6 1-0

[Event "BL 1314 SG Turm Trier - SK König Tegel"]
[Site "?"]
[Date "2013.12.15"]
[Round "6.5"]
[White "Sarbok, Torsten"]
[Black "Bobras, Piotr"]
[Result "1/2-1/2"]
[WhiteElo "2369"]
[BlackElo "2518"]
[PlyCount "37"]
[EventDate "2013.??.??"]

1. e4 c5 2. Nf3 d6 3. Bb5+ Nd7 4. c3 Ngf6 5. Qe2 a6 6. Ba4 c4 7. Bc2 Qc7 8. b3
b5 9. a4 cxb3 10. Bxb3 Nc5 11. Bc2 bxa4 12. O-O e5 13. d4 Nb3 14. Rxa4 Nxc1 15.
Rxc1 Be7 16. Rc4 Qa5 17. Ra4 Qc7 18. Rc4 Qa5 19. Ra4 1/2-1/2

[Event "BL 1314 SG Turm Trier - SK König Tegel"]
[Site "?"]
[Date "2013.12.15"]
[Round "6.6"]
[White "Gordon, Stephen J"]
[Black "Muse, Drazen"]
[Result "1/2-1/2"]
[WhiteElo "2518"]
[BlackElo "2404"]
[PlyCount "63"]
[EventDate "2013.??.??"]

1. Nf3 d5 2. d4 Bf5 3. c4 e6 4. Nc3 c6 5. Qb3 Qb6 6. c5 Qc7 7. Bf4 Qc8 8. Nh4
Be7 9. Nxf5 exf5 10. e3 Nf6 11. Bd3 g6 12. O-O Nbd7 13. f3 Nh5 14. Bh6 Bf8 15.
Bxf8 Kxf8 16. e4 Nf4 17. Rad1 Nf6 18. exf5 Nxd3 19. Rxd3 Qxf5 20. Ne4 Rb8 21.
Nd6 Qd7 22. Re3 Ne8 23. Qa3 Kg7 24. Rfe1 Nxd6 25. cxd6 Rhd8 26. Re7 Qxd6 27.
Qxa7 Qb4 28. R1e2 Ra8 29. Rxb7 Rxa7 30. Rxb4 Rxa2 31. Re7 Rd6 32. Kf2 1/2-1/2

[Event "BL 1314 SG Turm Trier - SK König Tegel"]
[Site "?"]
[Date "2013.12.15"]
[Round "6.7"]
[White "Fruebing, Stefan"]
[Black "Jaracz, Pawel"]
[Result "1/2-1/2"]
[WhiteElo "2378"]
[BlackElo "2502"]
[PlyCount "56"]
[EventDate "2013.??.??"]

1. e4 c6 2. d4 d5 3. Nc3 dxe4 4. Nxe4 h6 5. f4 Bf5 6. Ng3 Bh7 7. Nf3 e6 8. Bc4
Bd6 9. O-O Ne7 10. c3 O-O 11. Ne5 c5 12. Qb3 cxd4 13. Nxf7 Rxf7 14. Bxe6 Qe8
15. f5 Bxg3 16. f6 gxf6 17. Rxf6 Bg6 18. Qxb7 Nd7 19. Rxf7 Bxf7 20. Bxd7 Qb8
21. Qxb8+ Bxb8 22. Bxh6 dxc3 23. bxc3 Be5 24. Re1 Ng6 25. Be3 Rd8 26. Bg4 Bxc3
27. Rd1 Rxd1+ 28. Bxd1 Bxa2 1/2-1/2

[Event "BL 1314 SG Solingen - Schachfr. Berlin"]
[Site "?"]
[Date "2013.12.15"]
[Round "6.1"]
[White "Melkumyan, Hrant"]
[Black "L'Ami, Erwin"]
[Result "1/2-1/2"]
[WhiteElo "2634"]
[BlackElo "2648"]
[PlyCount "93"]
[EventDate "2013.??.??"]

1. d4 Nf6 2. c4 e6 3. Nc3 Bb4 4. e3 O-O 5. Bd3 d5 6. Nf3 b6 7. a3 Bxc3+ 8. bxc3
c6 9. O-O Ba6 10. Nd2 Nbd7 11. a4 e5 12. Ba3 c5 13. Qb1 Rc8 14. cxd5 Bxd3 15.
Qxd3 Nxd5 16. c4 Nb4 17. Qc3 exd4 18. exd4 Nc6 19. d5 Nd4 20. Rae1 Re8 21. Bb2
Qh4 22. Re3 Rxe3 23. Qxe3 Nf6 24. Re1 h6 25. Qg3 Qxg3 26. fxg3 Nd7 27. g4 Kf8
28. Kf2 a6 29. Nf3 Nxf3 30. gxf3 b5 31. cxb5 axb5 32. axb5 Rb8 33. Rb1 f6 34.
Bc1 g5 35. Ke3 Ke7 36. Ke4 Kd6 37. f4 Nb6 38. Bb2 Re8+ 39. Kf5 Nxd5 40. b6 gxf4
41. b7 Rb8 42. Bxf6 Nxf6 43. Rb6+ Kd5 44. Rxf6 Rxb7 45. Kxf4 Rh7 46. h4 c4 47.
Ke3 1/2-1/2

[Event "BL 1314 SG Solingen - Schachfr. Berlin"]
[Site "?"]
[Date "2013.12.15"]
[Round "6.2"]
[White "Smeets, Jan"]
[Black "Kraemer, Martin"]
[Result "1/2-1/2"]
[WhiteElo "2620"]
[BlackElo "2546"]
[PlyCount "91"]
[EventDate "2013.??.??"]

1. d4 Nf6 2. c4 e6 3. Nf3 d5 4. g3 dxc4 5. Bg2 Nc6 6. Qa4 Bb4+ 7. Bd2 Nd5 8.
Bxb4 Ndxb4 9. Nc3 Bd7 10. O-O a5 11. Qd1 O-O 12. e3 a4 13. Qe2 Na5 14. Ne5 Nd5
15. Rac1 Nb6 16. Rfd1 Bc6 17. Bxc6 bxc6 18. Nb1 f6 19. Nf3 Qe7 20. Na3 Rfb8 21.
Rc2 Ra7 22. Rdc1 h6 23. h4 c5 24. dxc5 Qxc5 25. Nd2 Qe5 26. Ndxc4 Nbxc4 27.
Nxc4 Nxc4 28. Qxc4 Qd5 29. Qxd5 exd5 30. a3 Rbb7 31. Rc5 Rxb2 32. Rxd5 Rb3 33.
Rd7 Rxa3 34. Rcxc7 Rxc7 35. Rxc7 h5 36. Rc5 g6 37. Rc7 Rb3 38. Ra7 a3 39. Kg2
Kf8 40. Kf3 Ke8 41. Ke4 Rb2 42. f3 a2 43. Kd5 Rb3 44. Kd4 Rb2 45. Kd5 Rb3 46.
Kd4 1/2-1/2

[Event "BL 1314 SG Solingen - Schachfr. Berlin"]
[Site "?"]
[Date "2013.12.15"]
[Round "6.7"]
[White "Thiede, Lars"]
[Black "Gabriel, Christian"]
[Result "1/2-1/2"]
[WhiteElo "2452"]
[BlackElo "2497"]
[PlyCount "80"]
[EventDate "2013.??.??"]

1. c4 Nf6 2. g3 e5 3. Bg2 d5 4. cxd5 Nxd5 5. Nc3 Nb6 6. Nf3 Nc6 7. O-O Be7 8.
a3 a5 9. d3 Be6 10. Be3 Nd5 11. Bd2 O-O 12. Nxd5 Bxd5 13. Bc3 Qd6 14. e4 Be6
15. d4 exd4 16. Nxd4 Nxd4 17. Qxd4 Qxd4 18. Bxd4 c5 19. Be3 Rac8 20. f4 f6 21.
f5 Bb3 22. e5 fxe5 23. Bxb7 Rb8 24. Be4 Rfd8 25. Rf2 Bd5 26. Bxd5+ Rxd5 27. Rc1
Rb3 28. Rd2 Rxd2 29. Bxd2 Rxb2 30. Bxa5 Ra2 31. Bb6 Bg5 32. Rc4 Be3+ 33. Kh1
Kf7 34. a4 Kf6 35. g4 Bd4 36. Bxc5 Bxc5 37. Rxc5 e4 38. h4 e3 39. g5+ Kf7 40.
Re5 Rxa4 1/2-1/2

[Event "BL 1314 SG Solingen - Schachfr. Berlin"]
[Site "?"]
[Date "2013.12.15"]
[Round "6.8"]
[White "Wegerle, Joerg"]
[Black "Agopov, Mikael"]
[Result "1-0"]
[WhiteElo "2429"]
[BlackElo "2435"]
[PlyCount "137"]
[EventDate "2013.??.??"]

1. e4 c5 2. Nc3 Nc6 3. Bb5 Nd4 4. Bc4 e6 5. Nge2 Ne7 6. O-O d5 7. exd5 exd5 8.
Nxd5 Nf3+ 9. gxf3 Nxd5 10. d4 Nb6 11. Bb5+ Bd7 12. Qd3 Bxb5 13. Qxb5+ Qd7 14.
Qxd7+ Nxd7 15. Be3 O-O-O 16. Rfd1 Be7 17. Nc3 cxd4 18. Bxd4 Bf6 19. f4 Bxd4 20.
Rxd4 Nf6 21. Rad1 Rxd4 22. Rxd4 a6 23. Kg2 Re8 24. Kf3 Re1 25. Nd1 Kc7 26. a4
Kc6 27. Ne3 b5 28. axb5+ axb5 29. Rd8 Nh5 30. Rc8+ Kd6 31. Nf5+ Kd7 32. Rc5 g6
33. Ne3 Rh1 34. Rxb5 Rxh2 35. Rb7+ Ke6 36. f5+ gxf5 37. Rb6+ Ke5 38. Rb5+ Ke6
39. Nxf5 Nf6 40. Nd4+ Ke7 41. c4 h5 42. c5 Ng4 43. Rb7+ Kd8 44. c6 Rxf2+ 45.
Ke4 Rf6 46. Kd5 Ne3+ 47. Kc5 Rg6 48. Rxf7 Rg5+ 49. Kb6 Nc4+ 50. Ka7 Ke8 51. Rh7
Rd5 52. Rh8+ Ke7 53. Rh7+ Ke8 54. c7 Nd6 55. Ne6 Rb5 56. Ka6 Rxb2 57. Nc5 Rc2
58. Kb6 Nc8+ 59. Kc6 Na7+ 60. Kb6 Nc8+ 61. Kb7 Rxc5 62. Kxc8 Rb5 63. Rd7 h4 64.
Rd4 h3 65. Re4+ Kf7 66. Kd7 h2 67. c8=Q h1=Q 68. Qe8+ Kf6 69. Qe6+ 1-0

[Event "BL 1314 SC Eppingen - Hamburger SK"]
[Site "?"]
[Date "2013.12.15"]
[Round "6.1"]
[White "Ernst, Sipke"]
[Black "Harikrishna, P."]
[Result "1/2-1/2"]
[WhiteElo "2565"]
[BlackElo "2704"]
[PlyCount "101"]
[EventDate "2013.??.??"]

1. d4 d6 2. Nf3 Nf6 3. c4 g6 4. Nc3 Bf5 5. g3 Qc8 6. Qb3 c6 7. Bg2 Bg7 8. O-O
O-O 9. Re1 Nbd7 10. e4 Bg4 11. Be3 e5 12. h3 Bxf3 13. Bxf3 h5 14. Bg2 h4 15. d5
Nh5 16. dxc6 bxc6 17. Rad1 Nc5 18. Bxc5 dxc5 19. Na4 Rd8 20. Nxc5 Bf8 21. Na4
Qe6 22. Kh2 Rab8 23. Qc3 Kh7 24. a3 Be7 25. Bf3 hxg3+ 26. fxg3 Nf6 27. b4 Kg7
28. Kg2 Rh8 29. Rh1 Rbd8 30. Nb2 c5 31. b5 Rd4 32. Qc2 Bd6 33. Rd3 Nh7 34. h4
Nf6 35. a4 Bc7 36. Qe2 Qe7 37. Rdd1 Qe6 38. Rd3 Qe7 39. Rdd1 Nd7 40. Rd2 f5 41.
Rxd4 exd4 42. exf5 Qxe2+ 43. Bxe2 Re8 44. Bd3 Re3 45. Rh3 gxf5 46. g4 fxg4 47.
Rxe3 dxe3 48. Nd1 Ne5 49. Be2 Ng6 50. Bxg4 Nxh4+ 51. Kf1 1/2-1/2

[Event "BL 1314 SC Eppingen - Hamburger SK"]
[Site "?"]
[Date "2013.12.15"]
[Round "6.2"]
[White "Berkes, Ferenc"]
[Black "Svane, Rasmus"]
[Result "1/2-1/2"]
[WhiteElo "2674"]
[BlackElo "2467"]
[PlyCount "173"]
[EventDate "2013.??.??"]

1. d4 Nf6 2. c4 e6 3. Nf3 d5 4. Nc3 c5 5. cxd5 Nxd5 6. e4 Nxc3 7. bxc3 cxd4 8.
cxd4 Bb4+ 9. Bd2 Bxd2+ 10. Qxd2 O-O 11. Bc4 Nd7 12. O-O b6 13. Rfe1 Bb7 14. a4
Rc8 15. Bd3 a5 16. Rab1 Qe7 17. h3 Rfd8 18. Qb2 Rc7 19. Bb5 Nf6 20. Bd3 Nd7 21.
Qd2 h6 22. Bb5 Nf6 23. Bd3 Nd7 24. Bb5 Nf6 25. Qf4 g5 26. Qe3 Bxe4 27. Rbd1 Bf5
28. Ne5 Nd5 29. Qf3 Rc3 30. Qh5 Qf8 31. Rd2 Nf4 32. Qd1 Rdc8 33. Bd7 R8c7 34.
d5 Rc1 35. Qxc1 Rxc1 36. Rxc1 Qd6 37. Bb5 exd5 38. Nf3 Be4 39. Ne1 Qa3 40. Rcd1
h5 41. f3 Bf5 42. Nc2 Bxc2 43. Rxc2 Qe3+ 44. Kh2 h4 45. Rcd2 Qe5 46. Kh1 Qe6
47. Kh2 Kg7 48. Rd4 Kf6 49. R4d2 Qe5 50. Kh1 Qc3 51. Kh2 Ke6 52. Rd4 Ke5 53.
R4d2 f5 54. Bd7 Qc7 55. Bb5 Kf6 56. Kh1 Qc3 57. Kh2 Kg6 58. Rd4 Qe3 59. Bf1 Kf6
60. R4d2 Ke5 61. Bb5 d4 62. Bf1 d3 63. Bxd3 Nxd3 64. Rxd3 Qf4+ 65. Kh1 Qxa4 66.
Re1+ Kf4 67. Kh2 Qb4 68. Re8 a4 69. Rd7 Qc4 70. Rde7 b5 71. Rf8 b4 72. Re4+
Qxe4 73. fxe4 Kxe4 74. Ra8 b3 75. Rxa4+ Kd3 76. Rb4 Kc2 77. Rc4+ Kd3 78. Rb4
Kc2 79. Kg1 b2 80. Kf2 b1=Q 81. Rxb1 Kxb1 82. Ke3 Kc2 83. Kd4 g4 84. hxg4 fxg4
85. Ke3 h3 86. gxh3 gxh3 87. Kf2 1/2-1/2

[Event "BL 1314 SC Eppingen - Hamburger SK"]
[Site "?"]
[Date "2013.12.15"]
[Round "6.4"]
[White "Balogh, Csaba"]
[Black "Rogozenco, Dorian"]
[Result "1/2-1/2"]
[WhiteElo "2630"]
[BlackElo "2516"]
[PlyCount "91"]
[EventDate "2013.??.??"]

1. e4 c5 2. Nf3 Nc6 3. Bb5 e6 4. O-O Nge7 5. d4 cxd4 6. Nxd4 Ng6 7. Be3 Be7 8.
Be2 O-O 9. c4 Nxd4 10. Qxd4 b6 11. Nc3 Bb7 12. Rfd1 Bc6 13. Qd2 Qb8 14. Bf1 Rd8
15. f3 Bc5 16. a3 a5 17. Qf2 Qe5 18. g3 Bxe3 19. Qxe3 Qc5 20. Kf2 Ne5 21. Be2
f6 22. b3 Kf8 23. Rdb1 d6 24. b4 axb4 25. axb4 Qxe3+ 26. Kxe3 Rxa1 27. Rxa1 Ra8
28. Rxa8+ Bxa8 29. f4 Nd7 30. Nb5 Ke7 31. Bg4 Bb7 32. Nd4 Nf8 33. Bd1 g6 34.
Ne2 Bc6 35. Nc3 Nd7 36. Ba4 Bxa4 37. Nxa4 f5 38. Kd4 Kd8 39. Nc3 Nb8 40. c5
Nc6+ 41. Kc4 bxc5 42. bxc5 Kd7 43. cxd6 Kxd6 44. e5+ Kd7 45. Na4 g5 46. Nc5+
1/2-1/2

[Event "BL 1314 SC Eppingen - Hamburger SK"]
[Site "?"]
[Date "2013.12.15"]
[Round "6.5"]
[White "Heinemann, Thies"]
[Black "Postny, Evgeny"]
[Result "1/2-1/2"]
[WhiteElo "2453"]
[BlackElo "2635"]
[PlyCount "128"]
[EventDate "2013.??.??"]

1. e4 c6 2. d4 d5 3. exd5 cxd5 4. Bd3 Nc6 5. c3 Qc7 6. Ne2 Bg4 7. Bf4 Qxf4 8.
Nxf4 Bxd1 9. Kxd1 e6 10. Nd2 Bd6 11. Nh3 h6 12. f4 g5 13. fxg5 hxg5 14. Nxg5
Rxh2 15. Rxh2 Bxh2 16. Ke2 Bf4 17. Nh3 Bxd2 18. Kxd2 Nf6 19. Nf2 Ke7 20. Rh1
Rg8 21. Rh2 e5 22. dxe5 Nxe5 23. Be2 Ke6 24. Ke1 Rg5 25. Nd3 Nxd3+ 26. Bxd3 Ke5
27. Be2 Rg7 28. Bf3 Rh7 29. Rxh7 Nxh7 30. c4 dxc4 31. Bxb7 Kd4 32. Kd2 Ng5 33.
Bc8 Ne4+ 34. Kc2 Ng3 35. Bb7 f5 36. Kd2 f4 37. Bc6 Nf5 38. Bb7 Nd6 39. Bc6 Nf7
40. Bb7 Ne5 41. a3 Nd3 42. Kc2 Nc5 43. Bc6 Ne6 44. Kd2 Kc5 45. Bb7 Nd4 46. Be4
Nb5 47. Kc2 a5 48. Bb7 c3 49. Ba6 cxb2 50. Kxb2 Nc7 51. Be2 Kd4 52. Kb3 Nd5 53.
Bf3 Nb6 54. Bc6 Kc5 55. Bf3 Nc4 56. Be2 Ne3 57. Bf3 Nf5 58. Kc3 Nd4 59. Bd1
Nb5+ 60. Kd3 Nxa3 61. Ke4 Nc4 62. Kxf4 Kd4 63. g4 Ne3 64. Ba4 Nxg4 1/2-1/2

[Event "BL 1314 SC Eppingen - Hamburger SK"]
[Site "?"]
[Date "2013.12.15"]
[Round "6.6"]
[White "Braun, Arik"]
[Black "Sebastian, Dirk"]
[Result "1-0"]
[WhiteElo "2567"]
[BlackElo "2454"]
[PlyCount "119"]
[EventDate "2013.??.??"]

1. d4 g6 2. e4 Bg7 3. Nc3 d6 4. Bc4 a6 5. a4 Nc6 6. Nge2 e5 7. Be3 exd4 8. Nxd4
Nf6 9. f3 O-O 10. O-O Ne5 11. Ba2 c6 12. h3 Re8 13. b4 d5 14. f4 Nxe4 15. Nxe4
Nc4 16. Bxc4 Rxe4 17. Bf2 dxc4 18. c3 Be6 19. Re1 Rxe1+ 20. Qxe1 Bd5 21. a5 Qe8
22. Bh4 Qe4 23. Qxe4 Bxe4 24. Bf2 Re8 25. Re1 f5 26. Be3 Kf7 27. Kf2 Rd8 28.
Rc1 Rd5 29. Ra1 Bf6 30. Ra2 h6 31. g3 g5 32. Rd2 Kg6 33. Ra2 gxf4 34. Bxf4
Bxd4+ 35. cxd4 Rxd4 36. Rd2 Bd3 37. Be5 c3 38. Rc2 Rxb4 39. Rxc3 Be4 40. Ke3
Bd5 41. Bd4 Ra4 42. Bb6 h5 43. h4 Kf7 44. Rd3 Ke6 45. Rd4 Ra3+ 46. Rd3 Ra4 47.
Rd4 Ra1 48. Rd3 Kd6 49. Kf4 Rf1+ 50. Kg5 c5 51. Kxh5 c4 52. Re3 Be4 53. Kg5 Kd5
54. h5 Rh1 55. h6 Rh3 56. Bc7 Kd4 57. Bf4 c3 58. Re1 c2 59. Kf6 Bf3 60. Rc1 1-0

[Event "BL 1314 SC Eppingen - Hamburger SK"]
[Site "?"]
[Date "2013.12.15"]
[Round "6.7"]
[White "Van Delft, Merijn"]
[Black "Medvegy, Zoltan"]
[Result "1/2-1/2"]
[WhiteElo "2424"]
[BlackElo "2541"]
[PlyCount "135"]
[EventDate "2013.??.??"]

1. e4 c6 2. d4 d5 3. Nc3 dxe4 4. Nxe4 Bf5 5. Ng3 Bg6 6. h4 h6 7. Nf3 e6 8. Ne5
Bh7 9. Bd3 Bxd3 10. Qxd3 Nd7 11. f4 Bb4+ 12. c3 Bd6 13. Bd2 Ngf6 14. O-O-O O-O
15. Ne4 Nxe4 16. Qxe4 Nf6 17. Qf3 h5 18. Kb1 Qc7 19. Rhe1 Rad8 20. f5 Bxe5 21.
Rxe5 Ng4 22. Re2 Qd7 23. Bg5 Rde8 24. f6 Qd5 25. fxg7 Kxg7 26. Rde1 Qxf3 27.
gxf3 Nh6 28. Rg1 Rg8 29. Reg2 Nf5 30. Bf6+ Kh7 31. Rg5 Rxg5 32. Rxg5 Nxh4 33.
Rxh5+ Kg6 34. Rxh4 Kxf6 35. Rf4+ Kg6 36. Rg4+ Kf5 37. Rg7 Rf8 38. Rh7 Kf4 39.
Rh3 Ke3 40. Kc2 Rg8 41. Rh7 Rf8 42. Rh3 a5 43. a4 Rd8 44. Rh7 Rd7 45. Rh8 Kxf3
46. Ra8 b6 47. Rb8 c5 48. Rxb6 cxd4 49. cxd4 Rxd4 50. b4 axb4 51. a5 Rd5 52. a6
Ra5 53. Kb3 Ra1 54. Kxb4 Kf4 55. Kb5 Kf5 56. Rb7 f6 57. a7 e5 58. Kb6 Ke4 59.
Rb8 f5 60. a8=Q+ Rxa8 61. Rxa8 f4 62. Kc5 f3 63. Rf8 Ke3 64. Kd5 e4 65. Re8 f2
66. Rf8 Ke2 67. Rxf2+ Kxf2 68. Kxe4 1/2-1/2

[Event "BL 1314 SC Eppingen - Hamburger SK"]
[Site "?"]
[Date "2013.12.15"]
[Round "6.8"]
[White "Vogt, Lothar"]
[Black "Lampert, Jonas"]
[Result "0-1"]
[WhiteElo "2398"]
[BlackElo "2374"]
[PlyCount "91"]
[EventDate "2013.??.??"]

1. e4 e5 2. Nf3 Nc6 3. Bb5 a6 4. Ba4 Nge7 5. O-O g6 6. c3 Bg7 7. d4 exd4 8.
cxd4 b5 9. Bb3 O-O 10. Nc3 Na5 11. Bc2 d6 12. h3 c5 13. dxc5 dxc5 14. Qxd8 Rxd8
15. Be3 Be6 16. Bxc5 Nec6 17. Rab1 Nc4 18. Nd1 Rac8 19. Bb3 N6e5 20. Nxe5 Bxe5
21. Be3 Nd2 22. Bxd2 Rxd2 23. Bxe6 fxe6 24. g3 Bd4 25. Kg2 b4 26. a3 b3 27. Nc3
Rf8 28. Nd1 Rc2 29. h4 a5 30. a4 Rb8 31. Re1 Rf8 32. Rf1 Rf7 33. Ra1 Rb7 34.
Kf3 Bxb2 35. Nxb2 Rxb2 36. Ke3 Rc2 37. Rfd1 b2 38. Rab1 Rb4 39. f3 Rxa4 40. Rd2
Ra3+ 41. Ke2 Rxd2+ 42. Kxd2 Rxf3 43. Rxb2 Rf2+ 44. Kc3 Rxb2 45. Kxb2 Kf7 46. e5
0-1

[Event "BL 1314 Bayern München - Werder Bremen"]
[Site "?"]
[Date "2013.12.15"]
[Round "6.3"]
[White "Edouard, Romain"]
[Black "Belezky, Alexander"]
[Result "1/2-1/2"]
[WhiteElo "2653"]
[BlackElo "2457"]
[PlyCount "137"]
[EventDate "2013.??.??"]

1. Nf3 Nf6 2. c4 Nc6 3. Nc3 e5 4. a3 a5 5. d3 h6 6. g3 Bc5 7. Bg2 d6 8. O-O O-O
9. e3 Bg4 10. h3 Bd7 11. b3 Re8 12. Bb2 Ne7 13. d4 exd4 14. Nxd4 Qc8 15. Kh2
Ng6 16. Nd5 Nxd5 17. cxd5 Nf8 18. Qc2 Nh7 19. e4 Qb8 20. f4 Qa7 21. Rfd1 Re7
22. e5 Kh8 23. Nf5 Bxf5 24. Qxf5 Qb6 25. Rd3 dxe5 26. fxe5 Nf8 27. Rc1 Rae8 28.
h4 Qb5 29. a4 Qb6 30. h5 Nh7 31. Qf4 Ng5 32. Qc4 Be3 33. Re1 Bc5 34. Re2 Qb4
35. Qxb4 Bxb4 36. Rc2 Rd8 37. Rd4 b6 38. Rdc4 Bc5 39. Bc3 Rde8 40. Re2 Nh7 41.
Bf3 Nf6 42. Kh3 Nd7 43. Rce4 f5 44. exf6 Nxf6 45. Re6 Kg8 46. Kg2 Kf7 47. Be4
Nxe4 48. R2xe4 Rd8 49. R4e5 Red7 50. Rc6 Bd6 51. Re6 Re8 52. Bxg7 Rxe6 53.
dxe6+ Kxe6 54. Bxh6 Rh7 55. Bf4 Kd5 56. Rc1 Rxh5 57. g4 Rh8 58. Bxd6 Kxd6 59.
Kg3 Rb8 60. g5 b5 61. Re1 c5 62. Kf4 bxa4 63. bxa4 Rb4+ 64. Kf5 Rxa4 65. g6 Ra2
66. g7 Rf2+ 67. Kg6 Rg2+ 68. Kf7 Kd5 69. g8=Q 1/2-1/2

[Event "BL 1314 Bayern München - Werder Bremen"]
[Site "?"]
[Date "2013.12.15"]
[Round "6.4"]
[White "Jorczik, Julian"]
[Black "Hracek, Zbynek"]
[Result "1/2-1/2"]
[WhiteElo "2397"]
[BlackElo "2638"]
[PlyCount "98"]
[EventDate "2013.??.??"]

1. d4 Nf6 2. Nf3 e6 3. c4 b6 4. g3 Ba6 5. Qa4 Bb7 6. Bg2 c5 7. dxc5 bxc5 8. O-O
Be7 9. Nc3 O-O 10. Rd1 Qb6 11. Bf4 Rd8 12. Rd2 d6 13. Rad1 h6 14. Qb5 Ne8 15.
Qxb6 axb6 16. g4 Nd7 17. h3 Ndf6 18. b3 Ne4 19. Nxe4 Bxe4 20. a4 Rac8 21. Ne1
Bxg2 22. Nxg2 Nf6 23. Ne3 Rd7 24. f3 Rcd8 25. Kg2 d5 26. cxd5 Nxd5 27. Kf1 g5
28. Nxd5 exd5 29. Be5 f6 30. Bg3 Kf7 31. e3 Ke6 32. Ke2 Bd6 33. Bxd6 Rxd6 34.
Rh1 d4 35. exd4 Rxd4 36. Rxd4 Rxd4 37. Rc1 Kd5 38. Ke3 Rb4 39. Rc3 c4 40. bxc4+
Rxc4 41. Rb3 Kc6 42. Ra3 Kb7 43. Rd3 Rxa4 44. Rd7+ Kc6 45. Rh7 Kd5 46. Rxh6
Ra3+ 47. Kf2 Ke5 48. h4 gxh4 49. Rh5+ Ke6 1/2-1/2

[Event "BL 1314 Bayern München - Werder Bremen"]
[Site "?"]
[Date "2013.12.15"]
[Round "6.5"]
[White "Nyback, Tomi"]
[Black "Renner, Christoph"]
[Result "1/2-1/2"]
[WhiteElo "2586"]
[BlackElo "2379"]
[PlyCount "83"]
[EventDate "2013.??.??"]

1. d4 d5 2. c4 e6 3. Nf3 Nf6 4. g3 Bb4+ 5. Bd2 Be7 6. Bg2 O-O 7. O-O Nbd7 8.
Qc2 c6 9. Bf4 Nh5 10. Bc1 b6 11. b3 Bb7 12. Bb2 Rc8 13. Nc3 f5 14. e3 Bd6 15.
Ne2 Nhf6 16. Nf4 Re8 17. cxd5 Nxd5 18. Qe2 Qe7 19. Rfd1 c5 20. Nh4 Nxf4 21.
exf4 Bxg2 22. Kxg2 cxd4 23. Rxd4 Bc5 24. Rd3 Rcd8 25. Rad1 Nf8 26. Nf3 Rxd3 27.
Qxd3 Qb7 28. Kg1 Be7 29. Qe2 Rd8 30. Rxd8 Bxd8 31. Ne5 Bf6 32. Qc4 Qd5 33. Qc2
Qb7 34. h4 Bxe5 35. Bxe5 Nd7 36. Qc4 Kf7 37. Bb2 Nf6 38. Qc3 Qd7 39. Qc2 Nd5
40. Qe2 Nf6 41. Be5 Ng4 42. Bb2 1/2-1/2